000 01166nam0a22002531 4500
001 rc\1081493
005 20260407144547.0
035 _a(NLR Aleph) 006329764
090 _a7532756
_c7532756
100 _a20041126d1984 |||y0rusy50 ca
101 0 _arus
102 _aRU
105 _ay |||||||||
200 1 _aСовременные вопросы лечения и реабилитации онкологических больных
_eСб. науч. тр.
_fМоск. н.-и. онкол. ин-т им. П.А. Герцена, Всерос. науч. мед. о-во онкологов
_g[Редкол.: Чиссов В.И. (отв. ред.) и др.]
210 _aМ.
_cБ. и.
_d1984
215 _a175 с.
_d21
702 1 _4340
_7ca
_8rus
_aЧиссов
_bВ. И.
_f1939-
_gВалерий Иванович
_9142017
_3RU\NLR\AUTH\770142053
712 0 2 _aМосковский научно-исследовательский онкологический институт им. П. А. Герцена
_3RU\NLR\AUTH\8810019294
_9536478
801 0 _aRU
_bNLR
_gpsbo
801 1 _aRU
_bELAR
_2rusmarc
852 _aNLR
_j85-5/3111
942 _cBOOK
980 _aNB